| 000 | 01119cam a2200253 i 4500 | ||
|---|---|---|---|
| 003 | SA-RiAUC | ||
| 005 | 20250811080405.0 | ||
| 008 | 250809s1990 ||| g 00000 ara c | ||
| 040 |
_aSA-RiKSU _bara _cSA-RiAUC _erda |
||
| 082 | 0 | 4 | _a258.52 |
| 090 |
_a258.52 _bا ب ن ح |
||
| 100 | 1 |
_aابن حزم، علي بن أحمد بن سعيد، _d384-456 هجري _eمؤلف. |
|
| 245 | 1 | 2 |
_aالنبذ في أصول الفقه / _cابن حزم ؛ تحقيق أبي عبد الله محمد بن حمد الحمود النجدي. |
| 250 | _aالطبعة الأولى. | ||
| 264 | 1 |
_a[مكان النشر غير محدد] : _bمكتبة دار الإمام الذهبي للنشر والتوزيع، _c1990. |
|
| 300 |
_a158 صفحة ؛ _c24 سم |
||
| 336 |
_aنص _btxt _2rdacontent _3كتاب |
||
| 337 |
_aبدون وسيط _bn _2rdamedia |
||
| 338 |
_aمجلد _bnc _2rdacarrier |
||
| 650 | 7 |
_aأصول الفقه الإسلامي _2aucsh |
|
| 700 | 1 |
_aابن لعبون، محمد بن حمد بن محمد، _d1205-1247 هجري _eمحقق. |
|
| 942 |
_2ddc _cBOOK _n0 |
||
| 949 |
_aSA-JeALM _d250809 _umohamedma123 _n1 |
||
| 999 |
_c10730 _d10730 |
||